000 00274nam a22001337a 4500
008 170807b xxu||||| |||| 00| 0 eng d
020 _a9781416040392
041 _aeng
080 _a004
100 _a34
101 _aSHK
245 _aHCPCS
_cBUCK,C,.J
942 _2udc
_cBK
999 _c22829
_d22829